00665nam a2200169Ia 4500003000900000008004100009040001600050080002200066110003300088245015500121260005000276300000800326500001900334942000700353999001500360952012000375IN-BaIIA211028s9999 xx 000 0 eng d cIIA Library a083.7:669.71bISI aIndian Standards Institution 0aIndian standard specification for aluminium and aluminium alloy rivet stock folr cold forged rivets for aircraft purposecIndian Standards Institution aNew DelhibIndian Standards Institutionc1971 a8p. aIS 5902 : 1970 cBK c5296d5296 00104070aBANbBANcGENd0000-00-00g5.00l0o083.7:669.71/ ISIp5904r2021-11-05v5.00w0000-00-00yBKGRs. 5.00